<?xml version="1.0" encoding="UTF-8"?>
<collection xmlns="http://www.loc.gov/MARC21/slim">
  <record>
    <leader>00000nam  2200000   4500</leader>
    <controlfield tag="001">INLIS000000000001547</controlfield>
    <controlfield tag="005">20241211094255</controlfield>
    <datafield tag="035" ind1="#" ind2="#">
      <subfield code="a">0010-0718001547</subfield>
    </datafield>
    <controlfield tag="008">241211################g##########0#ind##</controlfield>
    <datafield tag="020" ind1="#" ind2="#">
      <subfield code="a">979 637 604 0</subfield>
    </datafield>
    <datafield tag="041" ind1=" " ind2=" ">
      <subfield code="a">id</subfield>
    </datafield>
    <datafield tag="082" ind1="#" ind2="#">
      <subfield code="a">658.812</subfield>
    </datafield>
    <datafield tag="090" ind1=" " ind2=" ">
      <subfield code="a">658.812.0202.Arm.c</subfield>
    </datafield>
    <datafield tag="100" ind1=" " ind2="#">
      <subfield code="a">Armistead, Colin G.</subfield>
    </datafield>
    <datafield tag="700" ind1=" " ind2="#">
      <subfield code="a">Graham Clark</subfield>
    </datafield>
    <datafield tag="245" ind1="1" ind2="#">
      <subfield code="a">Customer Service and Support :</subfield>
      <subfield code="b">Layanan dan Dukungan kepada Pelanggan /</subfield>
      <subfield code="c">Colin G. Armistead &amp; Graham Clark</subfield>
    </datafield>
    <datafield tag="260" ind1="#" ind2="#">
      <subfield code="a">Jakarta :</subfield>
      <subfield code="b">Elex Media Komputindo,</subfield>
      <subfield code="c">1996</subfield>
    </datafield>
    <datafield tag="300" ind1="#" ind2="#">
      <subfield code="a">ix, 319 halaman :</subfield>
      <subfield code="b">ilus ;</subfield>
      <subfield code="c">25 cm</subfield>
    </datafield>
    <datafield tag="650" ind1=" " ind2="4">
      <subfield code="a">Customer</subfield>
    </datafield>
    <datafield tag="084" ind1="#" ind2="#">
      <subfield code="a">658.812 ARM c</subfield>
    </datafield>
    <datafield tag="520" ind1="#" ind2="#">
      <subfield code="a">Dalam lingkungan yang penuh tantangan ini, perusahaan harus tahu bahwa masa depan perusahaan dan persaingan antarperusahaan sangat tergantung pada kemampuan perusahaan memuaskan pelanggan selama produksi. Pada akhirnya, manajer perusahaan harus menguasai petunjuk praktis mengenai pelaksanaan strategi layanan dan dukungan.</subfield>
    </datafield>
    <datafield tag="990" ind1="#" ind2="#">
      <subfield code="a">5132</subfield>
    </datafield>
    <datafield tag="990" ind1="#" ind2="#">
      <subfield code="a">96111170</subfield>
    </datafield>
  </record>
</collection>
